Responses for show #5312 - Tuesday, October 16, 2007

Contestants

[<< previous game]

Susan Kelleher, a stagehand from Washington, D.C.

Chris Jason, a U.S. Navy flight officer originally from Sarasota, Florida

David Daniel, a writer and copy editor from Woodland Hills, California (whose 2-day cash winnings total $30,600)

[next game >>]

Jeopardy! Round responses

THE HILLS
NOT NOMINATED FOR BEST PICTURE
FISH, BIRD OR MAMMAL
"KIN" FOLK
HODGEPODGE
SPEL-EMENTS
(Alex: We will give you two elements in our clue. You have to come up with the symbols for those elements and combine those symbols to create a new word.)
    $200 26
Beverly Hills

David
    $200 21
The African Queen

Susan
    $200 6
a fish

Susan
    $200 1
(Burt) Baskin

David
    $200 11
The Wu-Tang Clan

Susan
    $200 16
heal (He-Al)

Susan
    $400 27
Bunker Hill

David
    $400 22
Some Like It Hot

David
    $400 7
a mammal

Chris
    $400 2
(Robert) Atkins

Susan
    $400 12
27

Susan
    $400 17
near (Ne-Ar)

Susan
    $600 28
Rome

Susan
    $600 23
Breakfast at Tiffany's

Chris
    $600 8
a bird

Susan
    $600 3
Pushkin

Susan
    $600 13
(David: What is the National Mall?)
(Susan: [Smiling knowingly at her rebound] What is the Tidal Basin?)

the Reflecting Pool

DavidSusan
Triple Stumper
    $600 18
cub (Cu-B)

Triple Stumper
    $800 29
the Black Hills

Susan
    $800 24
Rear Window

David
    $800 9
a mammal

Susan
    $800 4
Hodgkin's (disease)

Susan
    $800 14
acetone

Susan
    $1,000 19
(Susan: [Laughs])
(Alex: Susan?)
(Susan: Uh... what is... "caff"?)
(Alex: No. You have the right, uh, letters. Ca for calcium, Fe for iron. But you said "caff".)
(Susan: Not face.)
(Alex: And it's [*]. [*].)
(Susan: Hm.)

cafe (Ca-Fe)

Susan
    $1000 30
(David: What is Cheshire?)
(Susan: What is Stilton?)

Cheddar

DavidSusan
Triple Stumper
    $1000 25
Do the Right Thing

Susan
    $1000 10
(Susan: What's a mammal?)

a fish

Susan
Triple Stumper
    $1000 5
Jeannette Rankin

Triple Stumper
    $1000 15
presumptive

Triple Stumper
    $1000 20
hag (H-Ag)

David

Scores at the first commercial break (after clue 15):

David Chris Susan
-$400 $400 $3,200

Scores at the end of the Jeopardy! Round:

David Chris Susan
$1,400 $1,000 $4,400

Double Jeopardy! Round responses

THE 1930s
ENTERTAINMENT HISTORY
WEEKEND AT BERNIE'S
COLLEGES & UNIVERSITIES
NAME THE PLAYWRIGHT
THE "IX" IS IN
    $400 16
Spain

Chris
    $400 11
W.C. Fields

Susan
    $400 26
George Bernard Shaw

Susan
    $400 6
Berkeley

David
    $400 21
David Mamet

Susan
    $400 1
"Dixie"

David
    $800 17
(Susan: What is inflation?)

unemployment

ChrisSusan
    $800 12
tap

David
    $800 27
Bernard Malamud

David
    $800 7
Oral Roberts

Triple Stumper
    $800 22
Wendy Wasserstein

Susan
    $800 2
a crucifix

Chris
    $1,500 18
(Chris: What is Washington, D.C.?)
(Alex: No, [*]. [*]. He's the man that caught John Dillinger.)

Chicago

Chris
    $1200 13
Cohans

Susan
    $1200 28
Montgomery

Chris
    $1200 8
Duke University

Susan
    $1200 23
(David: Who is Shaffer?)
(Alex: Which one?)
(David: [Sighs] Anthony?)
(Alex: No. And now Chris and Susan are struggling to come up with the brother's name that is [*].)

Peter Shaffer

David
Triple Stumper
    $1200 3
an elixir

Susan
    $1600 19
(Susan: Uh, what are Germany & Poland?)

Germany & the Soviet Union

ChrisSusan
    $1600 14
Jack Benny

David
    $1600 29
Taxi Driver

David
    $1,500 9
Cornell

Susan
    $1600 24
Eugene O'Neill

David
    $1600 4
quixotic

David
    $2000 20
Huey Long (or Douglas MacArthur)

Susan
    $2000 15
Molly

Susan
    $2000 30
Bernardo O'Higgins

Triple Stumper
    $2000 10
Amherst

Triple Stumper
    $2000 25
Sam Shepard

David
    $2000 5
a matrix

Chris

Scores at the end of the Double Jeopardy! Round:

David Chris Susan
$11,000 $6,300 $13,100

[wagering suggestions for these scores]

Final Jeopardy! Round responses

ECONOMICS
(Alex: [To Chris] [*], who wrote The Wealth of Nations.)
ChrisWho is Adam Smith?
$5,000
DavidWho is McGill
$11,000
SusanWho is Keynes? Adam Smith
$8,901
Adam Smith

Final scores:

David Chris Susan
$0 $11,300 $4,199
3rd place: $1,000 New champion: $11,300 2nd place: $2,000

Game dynamics:

Coryat scores:

David Chris Susan
$11,000 $7,800 $14,200
15 R,
3 W
8 R,
1 W
(including 1 DD)
25 R
(including 1 DD),
6 W
(including 1 DD)

Combined Coryat: $33,000

The J! Archive is created by fans, for fans. The Jeopardy! game show and all elements thereof, including but not limited to copyright and trademark thereto, are the property of Jeopardy Productions, Inc. and are protected under law. This website is not affiliated with, sponsored by, or operated by Jeopardy Productions, Inc. Join the discussion at JBoard.tv.